Loading...
Glossary of botanic terms
| Main Author: | |
|---|---|
| Format: | Printed Book |
| Published: |
Dehra Dun:
Bishen Singh, Mahendra Pal Singh
2000
|
| Edition: | 4th. |
| Subjects: |
| LEADER | 00491cam a2200157ua 4500 | ||
|---|---|---|---|
| 020 | |a 81-211-0005-4 | ||
| 082 | |a 580 |b JAC/G | ||
| 100 | |a Jackson, Benjamin Dagdon | ||
| 245 | 0 | 0 | |a Glossary of botanic terms |
| 250 | |a 4th. | ||
| 260 | |a Dehra Dun: |b Bishen Singh, Mahendra Pal Singh |c 2000 | ||
| 300 | |a x, 480p. | ||
| 650 | 0 | |a Botanic terms- Glossaries | |
| 942 | |c REF | ||
| 999 | |c 3676 |d 3676 | ||
| 952 | |0 0 |1 0 |4 0 |6 580_000000000000000_JACG |7 0 |9 3830 |a KUCL |b KUCL |d 2014-05-23 |l 0 |o 580 JAC/G |p 06816 |r 2017-03-07 |y REF | ||